Mano derecha y mano izquierda : norma y lateralidad /
Guardat en:
| Autor principal: | |
|---|---|
| Altres autors: | |
| Format: | Llibre |
| Idioma: | espanyol |
| Publicat: |
Buenos Aires, Argentina :
Proteo,
1971
|
| Col·lecció: | (Biblioteca Persona y Sociedad. Serie Mayor ;
3) |
| Matèries: | |
| Etiquetes: |
Sense etiquetes, Sigues el primer a etiquetar aquest registre!
|
MARC
| LEADER | 00000nam^a2200000^a^4500 | ||
|---|---|---|---|
| 001 | 000001483 | ||
| 005 | 20250521000000.0 | ||
| 009 | 20260310083108.492 | ||
| 037 | |a Acervo ITESO - Biblioteca | ||
| 041 | |a ESP | ||
| 082 | |a 152. 3 |b KOU | ||
| 100 | |a Kourilsky, Raoul |e (coord.) | ||
| 245 | 1 | 0 | |a Mano derecha y mano izquierda : |b norma y lateralidad / |c R. Kourilsky, P. Grapin ; tr. por Floreal Mazía. |
| 264 | 1 | |a Buenos Aires, Argentina : |b Proteo, |c 1971 | |
| 300 | |a 186 p. | ||
| 336 | |a texto |b txt |2 rdacontenido | ||
| 337 | |a sin mediación |b n |2 rdamedio | ||
| 338 | |a volumen |b nc |2 rdasoporte | ||
| 440 | 1 | |a (Biblioteca Persona y Sociedad. |p Serie Mayor ; |v 3) | |
| 500 | |a Traducción de: Main Droite et Main Gauche | ||
| 649 | |a XX | ||
| 650 | |a Psicología Fisiológica | ||
| 700 | |a Grapin, Pierre |e (coordinación) | ||
| 910 | |a Fondo General | ||
| 920 | |a Impresos - Libros | ||
| 930 | |a Colección General | ||
| 905 | |a 101 | ||
| 901 | |a 0014830100 |b IT1 |c ACC |i 001483 |u 20250521 | ||
| 902 | |a https://opac.biblio.iteso.mx/vufind/Record/000001483 | ||